| 000 | 00882nam a22001817a 4500 | ||
|---|---|---|---|
| 005 | 20150124131059.0 | ||
| 008 | 141114t mx||||| |||| 00| 0 esp d | ||
| 050 |
_aBL 1220 _bA36 1976 |
||
| 100 | 1 | _aBhaktivedanta Swami Prabhupâda, A. C. | |
| 245 | 1 | 0 |
_aKRSNA. La suprema personalidad de Dios : _bUn estudio resumido del décimo canto del Srimad-Bhagavatam de Sríla Vyâsadeva / _cA. C. Bhaktivedanta Swami Prabhupâda, |
| 250 | _aPrimera edición: 1976 | ||
| 260 |
_aMéxico : _bThe Bhaktivedanta Book Trust, _c1976. |
||
| 300 |
_a295 paginas, _bIlustraciones, _c23 X 16 centímetros, |
||
| 650 | 7 |
_2Lemb _aFilosofía _xReligión |
|
| 650 | 7 |
_2Lemb _aFilosofía _xBrahmanismo |
|
| 700 | 1 |
_aBhaktivedanta Swami Prabhupâda, A. C. _eTraductores: Alejandro Castillo, Osiris Rodriguez-Sosa, Pedro Pablo Szarazgat, William Olivares, Lolita Kadala, Eva J. Wagner, |
|
| 942 |
_2ddc _cLIB |
||
| 999 |
_c69511 _d69511 |
||